| 000 | 00840nam a22002537a 4500 | ||
|---|---|---|---|
| 999 |
_c20508 _d20508 |
||
| 005 | 20191018080511.0 | ||
| 008 | 191018b xxu||||| |||| 00| 0 spa d | ||
| 020 | _a847426698X | ||
| 040 |
_aCO-BoIAVH _cCO-BoIAVH |
||
| 041 | _aspa | ||
| 044 | _asp | ||
| 082 |
_a363.7 _bSh69g |
||
| 100 | _aShiva, Vandana | ||
| 245 | 1 | 4 |
_aLas guerras del agua: _bContaminación, privatización y negocio. |
| 246 | 3 | 1 | _aWater wars: Privatization, pollution and profit. |
| 250 | _aPrimera edición | ||
| 260 |
_aBarcelona: _bIcaria, _c2004. |
||
| 300 |
_a159 Páginas: _c21 x 26 cm. |
||
| 546 | _aTraducción del idioma ingles a español. | ||
| 650 | 0 |
_aAgua _xProtección del Medio Ambiente |
|
| 650 | 0 | _aConservación de los recursos naturales | |
| 650 | 0 |
_aCambio climático _xAspectos sociales |
|
| 942 |
_2ddc _cLIBRO |
||